| 000 | 00469nam a2200205Ia 4500 | ||
|---|---|---|---|
| 008 | 210210b1964 xxu||||| |||| 00| 0 eng d | ||
| 041 | _aeng | ||
| 082 | _a384/24 | ||
| 100 | _aSINGH (L R) | ||
| 245 | _aEconomic and commercial geography Ed 11 | ||
| 260 |
_aAllahabad _bKitab mahal _c1964 |
||
| 300 | _aiv,735 | ||
| 650 | _ageography | ||
| 650 | _aEd | ||
| 650 | _aEconomic | ||
| 650 | _acommercial | ||
| 650 | _a11 | ||
| 690 | _aGeography | ||
| 906 | _a005420 | ||
| 999 |
_c125432 _d125432 |
||